Revving up research innovations for social development : methods and perspectives (Record no. 365252)
[ view plain ]
| 000 -LEADER | |
|---|---|
| fixed length control field | 00678nam a22001817a 4500 |
| 003 - CONTROL NUMBER IDENTIFIER | |
| control field | 0 |
| 005 - DATE AND TIME OF LATEST TRANSACTION | |
| control field | 20230904145705.0 |
| 008 - FIXED-LENGTH DATA ELEMENTS--GENERAL INFORMATION | |
| fixed length control field | 230904b xxu||||| |||| 00| 0 eng d |
| 020 ## - INTERNATIONAL STANDARD BOOK NUMBER | |
| International Standard Book Number | 978-971-555-666-8 |
| 050 ## - LIBRARY OF CONGRESS CALL NUMBER | |
| Classification number | LB 2326.3 |
| Item number | .R98 2019 |
| 245 ## - TITLE STATEMENT | |
| Title | Revving up research innovations for social development : methods and perspectives |
| Statement of responsibility, etc | Romeo B. Lee and Connie J. Maraanan, editor |
| 260 ## - PUBLICATION, DISTRIBUTION, ETC. (IMPRINT) | |
| Place of publication, distribution, etc | Manila |
| Name of publisher, distributor, etc | De La Salle University Publishing House |
| Date of publication, distribution, etc | c2019. |
| 300 ## - PHYSICAL DESCRIPTION | |
| Extent | xiii, 321 pages ; |
| Dimensions | 23 cm. |
| 500 ## - GENERAL NOTE | |
| General note | Education, Higher--Research--Philippines. |
| 504 ## - BIBLIOGRAPHY, ETC. NOTE | |
| Bibliography, etc | Includes bibliographical references. |
| 650 ## - SUBJECT ADDED ENTRY--TOPICAL TERM | |
| Topical term or geographic name as entry element | Education, Higher--Research--Philippines. |
| 942 ## - ADDED ENTRY ELEMENTS (KOHA) | |
| Source of classification or shelving scheme | Library of Congress Classification |
| Koha item type | Books |
| Withdrawn status | Lost status | Source of classification or shelving scheme | Damaged status | Home library | Current library | Shelving location | Date acquired | Source of acquisition | Total Checkouts | Full call number | Barcode | Date last seen | Price effective from | Koha item type |
|---|---|---|---|---|---|---|---|---|---|---|---|---|---|---|
| Library of Congress Classification | College Library | College Library | Filipiniana Section | 09/04/2023 | Library Fund | LB 2326.3 .R98 2019 | C22960 | 09/04/2023 | 09/04/2023 | Books |